A voyage round the world

שמור ב:
מידע ביבליוגרפי
מחבר ראשי: Bougainville, Lewis de
פורמט: ספר
שפה:אנגלית
יצא לאור: London, England, United Kingdom J. Nourse and T. Davies 1772
נושאים:
תגים: הוספת תג
אין תגיות, היה/י הראשונ/ה לתייג את הרשומה!

MARC

LEADER 00000nam a2200000 a 4500
001 UCJ5770
003 CL-VaPUC
005 20250227100132.0
008 070124e17720000UK |||||||||||||||||eng|d
999 |c 321879  |d 321877 
040 |c Pontificia Universidad Católica de Valparaíso 
082 0 4 |a 910.4 BOU 1772  |2 21 
100 0 |a Bougainville, Lewis de  |9 511503 
245 1 2 |a A voyage round the world 
260 0 3 |a London, England, United Kingdom  |b J. Nourse and T. Davies  |c 1772 
300 |a 476 páginas 
500 |a 4°, pasta.- 2 h. prel.- Port.- v. en b.- dedicatoria a John West, Esq.- Prefacio del traductor.- Introducción.- Seis láminas plegadas correspondientes a cinco mapas y una ilustración. Advierte errata. Apostillado. Al parecer, por error de encuadernación las últimas páginas de la Introducción aparecen después de la p. 473 
583 |a last modification  |c 20121220 10:33:31  |k Rodrigo Vera 
650 0 |a Viajes  |9 257115 
650 0 |a Diario de viaje  |9 505332 
650 0 |a Expediciones científicas  |9 265222 
650 0 |a Mapas  |9 260844 
942 |c BK  |2 ddc 
945 |d 20070124 00:00:00  |a rinostro 
952 |0 0  |1 0  |2 ddc  |4 0  |6 910_400000000000000_BOU_1772  |7 0  |8 X  |9 400753  |a FDOBUD  |b FDOBUD  |d 2019-11-22  |i 103927K  |o 910.4 BOU 1772  |p 103927K  |r 2019-11-22  |t 1  |w 2019-11-22  |y BK_X  |k BUD